<The> Paradoxes of creativity management

Perspektívy kreativity a inovácií v manažmente. Kreatívny manažment. Charakteristiky a dopad kreativity na organizácie. Definície inovácií v kontexte s manažmentom.

Gespeichert in:
Bibliographische Detailangaben
1. Verfasser: Kačerauskas, Tomas
Format: Buchkapitel
Sprache:Englisch
Schlagworte:
Tags: Tag hinzufügen
Keine Tags, Fügen Sie das erste Tag hinzu!

MARC

LEADER 00000naa a2200000 4500
001 0226419
005 20220719115229.4
041 0 |a eng 
044 |a CZ 
245 1 0 |a <The> Paradoxes of creativity management  |c Tomas Kačerauskas 
520 |a Perspektívy kreativity a inovácií v manažmente. Kreatívny manažment. Charakteristiky a dopad kreativity na organizácie. Definície inovácií v kontexte s manažmentom. 
610 2 0 |a manažment 
610 2 0 |a manažment inovačný 
610 2 0 |a kreativita 
610 2 0 |a ekonomika kreatívna 
610 2 0 |a definície 
100 1 |a Kačerauskas, Tomas